000 00673cab a2200205 4500
001 WB3442-11
008 090401t1998 xxu||||| |||| 00| 0 eng d
035 _a(Sirsi) u89517
041 _aeng
245 _aNew roof guidance
260 _c1998
350 _a0
490 _aHealth and Safety Executive Press Release
_v(E235:98) 29 October 1998 (2)
520 _aThe Health and Safety Executive has produce new guidance relating to safety in roofing work. "Health and safety in roof work" (HSE 01787 881165 £8.50)
650 _aHEALTH AND SAFETY
_96244
650 _aROOFING
690 _aBUILT ENVIRONMENT-BUILDING STANDARDS
942 _n0
948 _c04/11/1998
999 _c56648
_d56648